| Tag |
First Indicator |
Second Indicator |
Subfields |
| LEADER |
00000cam a2200000 a 4500 |
| 001 |
in00001024751 |
| 005 |
20150928121207.0 |
| 008 |
911107s1905 enk 0000 eng d |
| 035 |
|
|
|a (OCoLC)24704384
|
| 035 |
|
|
|9 AFF9324AM
|
| 040 |
|
|
|a TXA
|c TXA
|d UtOrBLW
|
| 049 |
|
|
|a TXAS [rare]
|
| 090 |
|
|
|a PR2845
|b .A1 1905
|
| 100 |
1 |
|
|a Shakespeare, William,
|d 1564-1616.
|
| 240 |
1 |
0 |
|a Poems.
|f 1905
|
| 245 |
1 |
0 |
|a Venus & Adonis.
|
| 264 |
|
1 |
|a Stratford-on-Avon :
|b Shakespeare Head Press,
|c 1905.
|
| 300 |
|
|
|a 50 pages ;
|c 18 cm.
|
| 336 |
|
|
|a text
|b txt
|2 rdacontent
|
| 337 |
|
|
|a unmediated
|b n
|2 rdamedia
|
| 338 |
|
|
|a volume
|b nc
|2 rdacarrier
|
| 500 |
|
|
|a Edited by A.H. Bullen.
|
| 500 |
|
|
|a "Twelve copies of this edition have been printed on vellum. This is number 6."
|
| 500 |
|
|
|a Bound in black leather by Zaehndorf.
|
| 500 |
|
|
|a Spine title: Venus and Adonis.
|
| 700 |
1 |
|
|a Bullen, A. H.
|q (Arthur Henry),
|d 1857-1920.
|
| 740 |
0 |
|
|a Venus and Adonis.
|
| 999 |
|
|
|a MARS
|
| 999 |
f |
f |
|s 0e5a54cc-52d9-3bbf-adea-a3778d287df7
|i 2cbd7921-c789-315b-86c4-04dc0ec0774e
|t 0
|
| 952 |
f |
f |
|p noncirc
|a Texas A&M University
|b College Station
|c Cushing Memorial Library & Archives
|d Cushing: Rare Books (Does not check out)
|t 0
|e PR2845 .A1 1905
|h Library of Congress classification
|i unmediated -- volume
|
| 998 |
f |
f |
|a PR2845 .A1 1905
|t 0
|l Cushing: Rare Books (Does not check out)
|